عرض عادي
عرض مارك
- الحبوني، حسن حامد
دخول Personal Name
001 - CONTROL NUMBER
- control field: 28108
003 - CONTROL NUMBER IDENTIFIER
- control field: AE-AdECS
005 - DATE AND TIME OF LATEST TRANSACTION
- control field: 20260326135415.0
008 - FIXED-LENGTH DATA ELEMENTS
- fixed length control field: 260326|| aca||aabn | a|a d
040 ## - CATALOGING SOURCE
- Original cataloging agency: AE-AdECS
- Transcribing agency: AE-AdECS
100 ## - HEADING--PERSONAL NAME
- Personal name: الحبوني، حسن حامد
670 ## - SOURCE DATA FOUND
- Source citation: Work cat.: (AE-AdECS)294605: الحبوني، حسن حامد مؤلف., السياسة الإيرانية نحو دول الشرق العربي (1979-2016) /
